00704nam a2200181 i 450000100060000000300090000600500170001500700030003200800410003510000360007624501410011226000370025330000220029070000390031285200320035199900170038395201220040085784ES-MaACL20230906175316.0t|041201s1969 sp ||||1| spa d1 aJungmann, Josef Andreas.96730113aEl servicio de la Palabra, a la luz de la Teología y de la historia / cJosef Andreas Jungmann ; [tradujo, Juan José de Bergareche]. aSalamanca : bSígueme, c1969. a139 p. ; c19 cm.1 aBergareche, Juan José de.927936 aES-MaACLjC-35906 bR.69770 c85784d85784 00104070aATENEOMbATENEOMcDEPO2d2008-01-17eSCl0oC-35906p1089642r2023-02-23 00:00:00w2023-02-23yMONOGRAFIA